5HLuxD.jpg

KING HENRY VIII SENIOR AND PRIMARY SCHOOL LIBRARY OPAC

MAGICALALAMITY (Record no. 4854)

000 -LEADER
fixed length control field 00288nam a22001217a 4500
008 - FIXED-LENGTH DATA ELEMENTS--GENERAL INFORMATION
fixed length control field 250325b ||||| |||| 00| 0 eng d
020 ## - INTERNATIONAL STANDARD BOOK NUMBER
International Standard Book Number 9781407137322
082 ## - DEWEY DECIMAL CLASSIFICATION NUMBER
Classification number 823.914 SAU
100 ## - MAIN ENTRY--PERSONAL NAME
Personal name SAUNDERS,KATE
Relator term AUTHOR
245 ## - TITLE STATEMENT
Title MAGICALALAMITY
260 ## - PUBLICATION, DISTRIBUTION, ETC.
Name of publisher, distributor, etc. MARION LLYOD BOOKS
942 ## - ADDED ENTRY ELEMENTS (KOHA)
Source of classification or shelving scheme
Holdings
Withdrawn status Lost status Source of classification or shelving scheme Damaged status Not for loan Collection code Permanent Location Current Location Shelving location Date acquired Full call number Barcode Date last seen Price effective from Koha item type Public note
          Fiction KH8 Primary School Library KH8 Primary School Library Fiction 2025-03-25 FIC SAU KHPL000006696 2025-12-05 2025-03-25 Books - Fiction KH8 PRIMARY LIBRARY

Powered By KH8 IT Dept